Statistics for MLB Baseball Best Player On Each Team

Click here to take the quiz!

General Stats

  • This quiz has been taken 10 times
  • The average score is 8 of 30

Answer Stats

TeamAnswerWAR% Correct
Chicago White SoxJose Abreu3.1
78%
Los Angeles DodgersMookie Betts3.6
78%
New York MetsJacob deGrom3.0
56%
San Diego PadresManny Machado3.1
56%
Chicago CubsYu Darvish2.7
56%
Houston AstrosGeorge Springer2.2
56%
St. Louis CardinalsPaul Goldschmidt2.0
44%
Cincinnati RedsTrevor Bauer2.7
44%
Cleveland IndiansShane Bieber3.3
44%
Atlanta BravesFreddie Freeman3.2
44%
Los Angeles AngelsAnthony Rendon2.1
33%
Washington NationalsTrea Turner2.4
33%
Philadelphia PhilliesZack Wheeler2.9
22%
Miami MarlinsBrian Anderson2.0
22%
Boston Red SoxAlex Verdugo2.2
22%
Toronto Blue JaysHyun Jin Ryu3.0
22%
New York YankeesDJ LeMahieu3.0
22%
San Francisco GiantsMike Yastrzemski2.7
11%
Tampa Bay RaysBrandon Lowe2.4
11%
Milwaukee BrewersCorbin Burnes/Brandon Woodruff2.1
11%
Minnesota TwinsByron Buxton2.1
11%
Kansas City RoyalsSalvador Perez2.1
11%
Baltimore OriolesAnthony Santander1.7
11%
Oakland AthleticsChris Bassitt2.1
0%
Pittsburgh PiratesKe'Bryan Hayes1.9
0%
Seattle MarinersDylan Moore1.8
0%
Detroit TigersJeimer Candelario1.9
0%
Colorado RockiesAntonio Senzatela2.8
0%
Texas RangersLance Lynn2.2
0%
Arizona DiamondbacksZac Gallen2.7
0%

Score Distribution

Percentile by Number Answered

Percent of People with Each Score

Your Score History

You have not taken this quiz